KOHA-Header-6

Economics Of Pakistan For B.Com & B.A (Record no. 9850)

000 -LEADER
fixed length control field 00271nam a2200109Ia 4500
100 ## - MAIN ENTRY--AUTHOR NAME
Personal name M. Saeed Nasir
245 #0 - TITLE STATEMENT
Title Economics Of Pakistan For B.Com & B.A
260 ## - PUBLICATION, DISTRIBUTION, ETC. (IMPRINT)
Place of publication Canada
Name of publisher Pearson
Year of publication 2005
300 ## - PHYSICAL DESCRIPTION
Number of Pages 350
942 ## - ADDED ENTRY ELEMENTS (KOHA)
Koha item type Books
Holdings
Withdrawn status Lost status Collection code Permanent Location Current Location Shelving location Date acquired Full call number Accession Number Koha item type
    Economics MAJU MAJU Shelf No.A48 2019-09-14 658.8 5858 Economics

Powered by Koha